Автоматизированная система управления узлом фторирования производства гексафторида урана: диссертация на соискание ученой степени кандидата технических наук; спец. 05.13.07

Dades bibliogràfiques
Autor principal: Онищук А. Н. Анатолий Николаевич
Autor corporatiu: Томский политехнический институт Физико-технический факультет Кафедра № 24
Altres autors: Ткаченко М. Ф. (научный руководитель)
Idioma:rus
Publicat: Томск, [Б. и.], 1984
Matèries:
Format: MixedMaterials Llibre
KOHA link:https://koha.lib.tpu.ru/cgi-bin/koha/opac-detail.pl?biblionumber=361480

MARC

LEADER 00000nbm0a2200000 4500
001 361480
005 20231102011407.0
035 |a (RuTPU)RU\TPU\retro\18808 
090 |a 361480 
100 |a 20210607d1984 k y0rusy50 ca 
101 0 |a rus 
102 |a RU 
105 |a a m 001zy 
200 1 |a Автоматизированная система управления узлом фторирования производства гексафторида урана  |e диссертация на соискание ученой степени кандидата технических наук  |e спец. 05.13.07  |f А. Н. Онищук  |g Томский политехнический институт, Физико-технический факультет, Кафедра № 24 ; науч. рук. М. Ф. Ткаченко 
210 |a Томск  |c [Б. и.]  |d 1984 
215 |a 173 л.  |c ил. 
320 |a Библиогр.: с. 156-164 (103 назв.) 
606 1 |a Уран, соединения  |x Фторирование  |2 stltpush  |3 (RuTPU)RU\TPU\subj\32815  |9 55244 
610 1 |a объекты управления 
610 1 |a анализ 
610 1 |a сложные технологические объекты с запаздыванием 
610 1 |a управление 
610 1 |a цифровые системы 
610 1 |a структурный синтез 
610 1 |a параметрический синтез 
610 1 |a АСУ ТП 
610 1 |a автоматизированные системы управления технологическими процессами 
610 1 |a информационное обеспечение 
610 1 |a программное обеспечение 
610 1 |a техническое обеспечение 
610 1 |a узлы фторирования 
610 1 |a производственные условия 
610 1 |a диссертации 
610 1 |a труды учёных ТПУ 
675 |a 661.87(04)  |v 4 
686 |a 05.13.07  |2 oksvnk 
700 1 |a Онищук  |b А. Н.  |c специалист в области ядерных технологий  |c доцент Томского политехнического университета  |f 1948-2002  |g Анатолий Николаевич  |2 stltpush  |3 (RuTPU)RU\TPU\pers\36750 
702 1 |a Ткаченко  |b М. Ф.  |4 727 
712 0 2 |a Томский политехнический институт  |b Физико-технический факультет  |b Кафедра № 24  |c (1944-1991)  |2 stltpush  |3 (RuTPU)RU\TPU\col\1123 
801 1 |a RU  |b 63413507  |c 20210607 
801 2 |a RU  |b 63413507  |c 20210715  |g RCR 
942 |c BK